| 000 | 01492 a2200337 4500 | ||
|---|---|---|---|
| 003 | Nust | ||
| 005 | 20170207154043.0 | ||
| 010 | _a 2007037321 | ||
| 020 | _a9780470017616 (pbk.) | ||
| 035 | _a(OCoLC)171049895 | ||
| 035 | _a(OCoLC)ocn171049895 | ||
| 040 | _cNust | ||
| 082 | 0 | 0 | _a519.544 |
| 100 | 1 | _aBosq, Denis, | |
| 245 | 1 | 0 |
_aInference and prediction in large dimensions -(E-BOOK) _cDenis Bosq, Delphine Blanke. |
| 260 |
_aChichester, England ; _aHoboken, NJ : _bJohn Wiley/Dunod, _cc2007. |
||
| 300 |
_ax, 316 p. : _bill. ; _c24 cm. |
||
| 440 | 0 | _aWiley series in probability and statistics | |
| 500 | _a"This work is in the Wiley-Dunod Series co-published between Dunod and John Wiley & Sons, Ltd." | ||
| 505 | _aPart I Statistical Prediction Theory (Page-5) Part II Inference by Projection (Page-61) Part III Inference by Kernels (Page-131) Part IV Local Time (Page-207) Part V Linear Processes in High Dimensions (Page-227) | ||
| 650 | 0 | _aEstimation theory. | |
| 650 | 0 | _aNonparametric statistics. | |
| 650 | 0 | _aPrediction theory. | |
| 650 | 0 | _aStochastic processes. | |
| 651 | _aE-BOOK | ||
| 700 | 1 | _aBlanke, Delphine. | |
| 710 | 2 | _aDunod (Firm) | |
| 856 | 4 | 2 |
_3Contributor biographical information _uhttp://www.loc.gov/catdir/enhancements/fy0804/2007037321-b.html |
| 856 | 4 | 2 |
_3Publisher description _uhttp://www.loc.gov/catdir/enhancements/fy0743/2007037321-d.html |
| 856 | 4 | 2 |
_3Table of contents only _uhttp://www.loc.gov/catdir/enhancements/fy0806/2007037321-t.html |
| 942 |
_2ddc _cBK |
||
| 999 |
_c192754 _d192754 |
||